Miodek, Marcin. Niemcy - publicystyczny obraz w "Pionierze". - Wrocław : ATUT. - 2008 [Rezension]
| Titel: | Miodek, Marcin. Niemcy - publicystyczny obraz w "Pionierze". - Wrocław : ATUT. - 2008 [Rezension] |
|---|---|
| Verfasser: | |
| In: |
Przegląd zachodni. [Polnische Ausgabe], Band 65, Heft 4 (2009), Seite 277-281 alle Artikel anzeigen |
| Veröffentlicht: | 2009 |
| Format: | Aufsatz |
| Sprache: | Polnisch |
X
alg: 39510242 001A $01999:12-11-16 001B $01999:04-08-21 $t21:04:50.000 001D $01999:12-11-16 001U $0utf8 001X $00 002@ $0Aox 003@ $0395102421 007A $0395102421 $aHEB 007T $0Herda26328h 010@ $apol 011@ $a2009 021A $aMiodek, Marcin. Niemcy - publicystyczny obraz w "Pionierze". - Wrocław : ATUT. - 2008 [Rezension] 028A $#Kosmanowie, Marceli $7123147980 $8Kosman, Marceli$Z1940- [Tp1] $9099984830 031A $d65 $e4 $h277-281 $j2009 039B $aIn $8--Abvc--. Przegląd zachodni. [Polnische Ausgabe]. - Poznań : Inst. Zachodni, 1945-. - ISSN 0033-2437 $x200900000650004723 $904745606X 039T $8--Aau--Miodek, Marcin$Z1976- [Tp3]. Niemcy - publicystyczny obraz w "Pionierze". - Wrocław : ATUT, 2008. - 648 S.. - ISBN 978-83-7432-385-7 $9203970616 045F $a900.9438 $eDDC23BSB 045F/01 $a900 045F/03 $g438 045F/03 $g4385 045T $a7,41 $a3,6 lok: 39510242 78 exp: 39510242 78 1 #EPN 201B/01 $018-11-16 $t13:45:14.000 201U/01 $0utf8 203@/01 $0791401065 208@/01 $a12-11-16 $be 209A/01 $a/ $f000 $x00 220C/01 $aHerkunft: PBB/IH PAN 244Z/01 $2Trx $#Silesia $#Śląsk $#Sliezsko $#Slezsko $8--Trx--Schlesien $x01 $9391173987 244Z/01 $2Trx $#Poola $#Lenkija $#Polija $#Polen Land $#Poland $#Lengyelország $#Poľsko $#Polsko $8--Trx--Polska$gkraj $x02 $9391345966 244Z/01 $2Trx $#arvustused $#recenzijos $#Reviews $#recenziók $#recenzje $#recenzie $#recenze $8--Trx--Rezensionen $x03 $9391357441 247C/01 $82080>Marburg/Lahn, Herder-Institut, Forschungsbibliothek, Bibliographieportal $9336309341
| LEADER | 00000caa a22000002c 4500 | ||
|---|---|---|---|
| 001 | 395102421 | ||
| 003 | DE-603 | ||
| 005 | 20210804210450.0 | ||
| 007 | tu | ||
| 008 | 161112s2009 xx |||| | u00||u|pol c | ||
| 035 | |a (DE-599)HEB395102421 | ||
| 040 | |a DE-603 |b ger |c DE-603 |d DE-603 | ||
| 041 | |a pol | ||
| 082 | 0 | 4 | |8 1\u |a 900.9438 |q DE-101 |2 23/BSB |
| 084 | |a 7,41 |a 3,6 |2 ssgn | ||
| 085 | |8 1\u |b 900 | ||
| 085 | |8 1\u |z 2 |s 438 | ||
| 085 | |8 1\u |z 2 |s 4385 | ||
| 100 | 1 | |a Kosman, Marceli |d 1940- |0 (DE-603)099984830 |0 (DE-588)123147980 |2 gnd | |
| 245 | 0 | 0 | |a Miodek, Marcin. Niemcy - publicystyczny obraz w "Pionierze". - Wrocław : ATUT. - 2008 [Rezension] |
| 264 | 0 | |c 2009 | |
| 773 | 0 | 8 | |i In |t Przegląd zachodni. [Polnische Ausgabe] |d Poznań : Inst. Zachodni, 1945- |h 24 cm |x 0033-2437 |g Band 65, Heft 4 (2009), Seite 277-281 |w (DE-603)04745606X |w (DE-600)281538-2 |
| 787 | 0 | 8 | |i Rezension von |a Miodek, Marcin, 1976- |t Niemcy - publicystyczny obraz w "Pionierze" |d Wrocław : ATUT, 2008 |h 648 S. |z 9788374323857 |w (DE-603)203970616 |
| 924 | 0 | |9 2080 |a (DE-603)791401065 |b DE-2080 |c HES |d d |g / | |


